Регионална библиотека "Любен Каравелов" - Русе

Експромт (Запис номер 320574)

MARC детайли
000 -Лидер
Контролно поле с фиксирана дължина 00720nja a2200193 a 4500
003 - Код на организацията, давaща контролен номер
Контролно поле BLK
005 - Дата и час на последна редакция
Контролно поле 20180421003913.0
008 - Елементи от данни с фиксирана дължина
fixed length control field 180414c bul|r|ner|||| 00| c0bul d
010 ## - Наследен системен номер
LC control number NOT00003675002
040 ## - Източник на каталожния запис
Идентификатор на билиотеката - собственик на записа BLK
100 1# - Редна дума - Автор
Автор Балакирев, Милий Алексеевич
Авторска отговорност първи автор
R(LIN) 35873
245 10 - Сведения за заглавието
Заглавие Експромт
Редно поле (дума) Милий Алексеевич Балакирев.
257 ## - Страна на издаване
Страна на създаване/издаване България
380 ## - Жанр
Жанр Изкуство
773 ## - Описание на основна библиографска единица при аналитични записи (многотомни)
Host Biblionumber 320572
Host Itemnumber 673799
Редна дума на основното описание Балакирев, Милий Алексеевич
Заглавие Пиеси за цигулка от славянски композитори
852 ## - Местоположение
Форматна сигнатура Цб М ІІ 4483
942 ## - АРТИКУЛИ
Вид на библиотечния материал Нотни издания
Скрит в OPAC Не
944 ## - СЪЗДАВАНЕ И РЕДАКЦИЯ на ЗАПИСА
Създаване/Редакция Създаване
Дата на регистрацията/редакция 13.06.2016
Служител, извършил регистрацията/редакцията Камелия_Данева
944 ## - СЪЗДАВАНЕ И РЕДАКЦИЯ на ЗАПИСА
Създаване/Редакция Редакция
Дата на регистрацията/редакция 17.06.2016
Служител, извършил регистрацията/редакцията Камелия_Данева
999 ## - СИСТЕМНИ КОНТРОЛНИ НОМЕРА
Koha biblionumber 320574
Koha biblioitemnumber 320574
Наличности
Код за отписване Код за изгубен артикул Код за повреда Коз за рестрикции Код за отдаване Артикулен № Име на библиотеката - собственик Име на библиотеката, в която се намира в момента Статус (Текущо местоположение) Дата на вписване в системата Местоположение - отдел Цена в лева Инвентарен номер Баркод Номер на екземпляра Цена в евро Служебна бележка Служебен тип на артикула Бележка за публиката
  Не е изгубен Не е повреден само за читалня ползва се в читалня 673803 Регионална библиотека "Любен Каравелов" Русе Регионална библиотека "Любен Каравелов" Русе Аналитични записи 2018-04-14 Аналитични записи 0.00 900200003675 900200003675 2 0.00 аналитичен запис Статия Това е описние на част от артикул: Пиеси за цигулка от славянски композитори
Vip Innovations Ltd, Rousse, Bulgaria 2025